| 000 | 00468nam a2200157 a 4500 | ||
|---|---|---|---|
| 001 | 000027991 | ||
| 005 | 20250129172553.0 | ||
| 008 | 110406s1995 dr 000 0 spa d | ||
| 040 |
_aDO-SdBNP _bspa _cBNPHU |
||
| 082 |
_axxx _bH519g |
||
| 100 | 1 |
_aHenríquez Gratereaux, Federico, _d1937- _92003 |
|
| 245 | 1 | 3 |
_aLa Guerra Civil en el corazón / _cFederico Henríquez Gratereaux. |
| 260 |
_aSanto Domingo : _bTaller, _c1995. |
||
| 300 |
_a14 p. ; _c21 cm. |
||
| 049 | _aBNPD | ||
| 999 |
_c27483 _d27483 |
||